UBT Library

Asking about life / (Record no. 45021)

000 -LEADER
fixed length control field 00719cam a2200241 a 4500
001 - CONTROL NUMBER
control field 13411996
005 - DATE AND TIME OF LATEST TRANSACTION
control field 20180314083708.0
008 - FIXED-LENGTH DATA ELEMENTS--GENERAL INFORMATION
fixed length control field 031121s2005 caua 001 0 eng
010 ## - LIBRARY OF CONGRESS CONTROL NUMBER
LC control number 2003115773
020 ## - INTERNATIONAL STANDARD BOOK NUMBER
International Standard Book Number 053440653X (student ed.)
020 ## - INTERNATIONAL STANDARD BOOK NUMBER
International Standard Book Number 0534406548 (instructor's ed.)
035 ## - SYSTEM CONTROL NUMBER
System control number (DLC) 2003115773
040 ## - CATALOGING SOURCE
Original cataloging agency DLC
Transcribing agency DLC
041 ## - LANGUAGE CODE
Language code of text/sound track or separate title eng
080 ## - UNIVERSAL DECIMAL CLASSIFICATION NUMBER
Universal Decimal Classification number 570 ala
082 00 - DEWEY DECIMAL CLASSIFICATION NUMBER
Classification number 570 ala
Edition number 22
100 1# - Rafti
Rafti 6
101 ## - Shkurtesa
Shkurtesa zoo
245 10 - TITLE STATEMENT
Title Asking about life /
Statement of responsibility, etc Allan J. Tobin, Jennie Dusheck.
906 ## - LOCAL DATA ELEMENT F, LDF (RLIN)
a 7
b cbc
c orignew
d 3
e epcn
f 20
g y-gencatlg
942 ## - ADDED ENTRY ELEMENTS (KOHA)
Source of classification or shelving scheme
Item type Books

No items available.

UBT Library © 2015-2024. All rights reserved University Education for Business and Technology